Konjunkturní situace v islámských zemích Blízkého východu

Gespeichert in:
Bibliographische Detailangaben
1. Verfasser: Blagonravová, Zina
Format: Buch
Sprache:Tschechisch
Veröffentlicht: Praha Centrum vnějších ekonomických vztahů 1993
Ausgabe:1. vyd.
Schlagworte:
Tags: Tag hinzufügen
Keine Tags, Fügen Sie das erste Tag hinzu!

MARC

LEADER 00000nam a2200000 4500
001 c003913
005 20230116070726.5
041 0 |a cze 
044 |a CZ 
245 1 0 |a Konjunkturní situace v islámských zemích Blízkého východu  |c Zina Blagonravová 
250 |a 1. vyd. 
264 1 |a Praha  |b Centrum vnějších ekonomických vztahů  |c 1993 
300 |a 74 s. 
610 2 0 |a konjunktúra 
610 2 0 |a Blízky východ 
610 2 0 |a obchod zahraničný 
610 2 0 |a ČSSR 
610 2 0 |a ČSFR 
610 2 0 |a Česko 
610 2 0 |a energetika 
610 2 0 |a priemysel chemický 
610 2 0 |a metalurgia 
610 2 0 |a vývoz 
610 2 0 |a dovoz 
610 2 0 |a Irak 
610 2 0 |a Irán 
610 2 0 |a Saudská Arábia 
610 2 0 |a Kuvajt 
100 1 |a Blagonravová, Zina